Statistics for Every City in Pennsylvania on a Map

Click here to take the quiz!

General Stats

  • This quiz has been taken 83 times
  • The average score is 27 of 56

Answers on the Map

Answers color-coded by a green-red scale on the quiz's map according to % correct below.
 

Answer Stats

Answer% Correct
Philadelphia
98%
Erie
91%
Pittsburgh
91%
Allentown
89%
Scranton
89%
Harrisburg
85%
Lancaster
85%
Bethlehem
81%
Reading
79%
York
77%
Wilkes-Barre
74%
Chester
72%
Altoona
66%
Williamsport
66%
Lebanon
64%
Easton
62%
Johnstown
60%
Washington
51%
New Castle
49%
Meadville
47%
Pottsville
47%
St. Marys
47%
Hazleton
45%
Oil City
45%
Butler
43%
Sharon
43%
Beaver Falls
40%
Dubois
40%
Hermitage
40%
Titusville
40%
Warren
40%
Greensburg
38%
Bradford
36%
Coatesville
36%
Lock Haven
36%
Uniontown
36%
Franklin
34%
Aliquippa
32%
Carbondale
32%
McKeesport
32%
Monessen
32%
Pittston
30%
Sunbury
30%
Farrell
28%
Shamokin
28%
Arnold
26%
Connellsville
26%
Corry
26%
Duquesne
26%
Nanticoke
26%
New Kensington
26%
Jeannette
23%
Monongahela
23%
Clairton
21%
Lower Burrell
19%
Parker
19%

Score Distribution

Percentile by Number Answered

Percent of People with Each Score

Your Score History

You have not taken this quiz